Machu Picchu: el más famoso monumento arqueológico del Perú

Gespeichert in:
Bibliographische Detailangaben
1. Verfasser: Valcárcel, Luis E (VerfasserIn)
Format: Buch
Sprache:Spanisch
Veröffentlicht: Lima Fondo de Cultura Económica 2009
Ausgabe:2a. ed
Schlagworte:
Tags: Tag hinzufügen
Keine Tags, Fügen Sie den ersten Tag hinzu!

MARC

LEADER 00000cam a2200000 a 4500
001 UCF0035
003 CL-VaPUC
008 120423e20090000PE |||||||||||||||||spa|d
020 |a 9789972663581 
082 0 4 |a 985.37  |b VAL  |2 21 
100 0 |a Valcárcel, Luis E  |e author  |9 561836 
245 1 0 |a Machu Picchu: el más famoso monumento arqueológico del Perú 
250 |a 2a. ed 
300 |a 158 p 
942 |c BK 
945 |d 20120423 00:00:00  |a dcastane 
260 |a Lima  |b Fondo de Cultura Económica  |c 2009 
650 7 |a MONUMENTOS ARQUEOLOGICOS  |2 CL-VaPUC  |9 369567 
650 7 |a INCAS  |2 CL-VaPUC  |9 256565 
650 7 |a PERIODO INCA  |2 CL-VaPUC  |9 561837 
650 7 |a GEOGRAFIA PERUANA  |2 CL-VaPUC  |9 561838 
651 0 |a Perú  |9 256567 
583 |a last modification  |c 20120904 04:41:35  |k Rodrigo Vera 
999 |c 347541  |d 347539 
952 |0 0  |1 0  |4 0  |6 985_370000000000000_VAL_2009  |7 0  |8 A  |9 448962  |a BIBHIS  |b BIBHIS  |d 2019-11-22  |i 4854640  |o 985.37 VAL 2009  |p 4854640  |r 2025-01-20  |w 2019-11-22  |y BK  |k HIS